Smartphone Apps by Description - Statistics

General Stats
  • This quiz has been taken 50,544 times
    21,757 since last reset
  • The average score is 16 of 20
Answer Stats
Description App % Correct
The official app for posting a tweet X
99%
Share a filtered picture with your followers Instagram
97%
Send a picture that is deleted from the recipient's phone almost instantly Snapchat
97%
Post a short video of yourself doing a viral dance or ranting in your car TikTok
97%
Pay $9.99 $11.99/month to listen to unlimited music thanks to this Swedish company Spotify
93%
Swipe right to find your next mate Tinder
92%
Hail an unlicensed cab Uber / Lyft
91%
Launch a bird at a pig Angry Birds
88%
Obliterate candy every 30 minutes or so unless you pay to do it more frequently CandyCrush
87%
Pretend to learn a foreign language with the help of an owl Duolingo
86%
Hunt for Pokémon in the real world Pokémon GO
86%
Stay in an unlicensed hotel Airbnb
82%
Make a phone call or send a message using the internet (Facebook bought this company for $19 billion) WhatsApp
82%
Find out the name of the song that is playing Shazam / SoundHound
77%
Build an expensive fort to defend against another clan's attack Clash of Clans
74%
Invite someone over to use this app and "chill" Netflix
73%
Chat with your friend or interest groups. (There's even a server for JetPunk). Discord
62%
Send payments to your friends and family which are for some reason publicly posted for all to see Venmo
48%
Build a fake farm with real money Farmville
28%
Bet on the stock market and get rewarded with confetti Robinhood
17%
No matching quizzes found
Score Distribution
Percent of People with Each Score
Percentile by Number Answered
Your Score History
You have not taken this quiz since the last reset